AKSHAR ANURAG (Record no. 28342)
[ view plain ]
| 000 -LEADER | |
|---|---|
| fixed length control field | 00276nam a22001337a 4500 |
| 003 - CONTROL NUMBER IDENTIFIER | |
| control field | SGT |
| 082 ## - DEWEY DECIMAL CLASSIFICATION NUMBER | |
| Classification number | 920 |
| Item number | A06S |
| 100 ## - MAIN ENTRY--PERSONAL NAME | |
| Personal name | SHUKL, GANESHNARAYAN |
| 245 ## - TITLE STATEMENT | |
| Title | AKSHAR ANURAG |
| 260 ## - PUBLICATION, DISTRIBUTION, ETC. (IMPRINT) | |
| Name of publisher, distributor, etc | NIRALA SIKSHA NIDHI |
| Year of Publication | 2006 |
| 300 ## - PAGE DESCRIPTION | |
| No. of Pages | 120 |
| 650 ## - SUBJECT ADDED ENTRY--TOPICAL TERM | |
| Topical term or geographic name as entry element | BIOGRAPHY |
| 942 ## - ADDED ENTRY ELEMENTS (KOHA) | |
| Source of classification or shelving scheme | Dewey Decimal Classification |
| Koha item type | Books |
No items available.